000 00820nam a22002177a 4500
005 20180713144952.0
010 _a1718EN-30 B-682343-344 ENG-123512
020 _a9789384082994
_c1195.00
035 _aB-682343-344 EN-107044
037 _bPragati
_adpl
037 _bDBAD/PUB.
082 _a305.550954
100 _aGhosh, Parimal
245 _aWhat happened to the Bhadralok /
_cby Parimal Ghosh
260 _aDelhi
_bPrimus Books
_c2016
270 _aVirat Bhawan, Mukherjee Nagar Commercial Complex
_bDelhi
_e110009
300 _axii,200p.
_c23cm(Hb)
500 _aIncludes index
942 _2ddc
_cEN
_mGHO
_h305.550954
999 _c145986
_d145986